000 00506cam a2200169 4500500
005 20260405003135.0
041 _afre
042 _adc
100 1 0 _aN’Diaye, Aïda
_eauthor
245 0 0 _aLe Temps gagné
260 _c2020.
500 _a26
690 _aEnfance
690 _aRaphaël Enthoven
786 0 _nPhilosophie magazine | 142 | 9 | 2020-09-01 | p. 107-108 | 1951-1787
856 4 1 _uhttps://shs.cairn.info/magazine-philosophie-magazine-2020-9-page-107?lang=fr&redirect-ssocas=7080
999 _c2064729
_d2064729